Adventures: Pre- Intermediate

Na minha lista:
Detalhes bibliográficos
Autor principal: Wetz, Ben
Formato: Livro
Idioma:Undetermined
Publicado em: Oxford Oxford University Press 2003
Assuntos:
Tags: Adicionar Tag
Sem tags, seja o primeiro a adicionar uma tag!
Thư viện lưu trữ: Trung tâm Học liệu Trường Đại học Cần Thơ
LEADER 00542nam a2200205Ia 4500
001 CTU_121803
008 210402s9999 xx 000 0 und d
020 |c 165000 
082 |a 428.34 
082 |b W544p/Cas.1 
100 |a Wetz, Ben 
245 0 |a Adventures: Pre- Intermediate 
245 0 |c Ben Wets 
260 |a Oxford 
260 |b Oxford University Press 
260 |c 2003 
650 |a English language 
650 |x Texbooks for foreign speakers 
904 |i M.Loan 
980 |a Trung tâm Học liệu Trường Đại học Cần Thơ